| 000 | 00515nam a22001697a 4500 | ||
|---|---|---|---|
| 999 |
_c8634 _d8634 |
||
| 008 | 201209b ||||| |||| 00| 0 eng d | ||
| 040 | _aBMS College of Architecture | ||
| 100 | _aMadhupriya, N | ||
| 245 | _aPara- athletes training center | ||
| 300 | _aiv,52p. | ||
| 500 | _a1BM12AT044 | ||
| 502 |
_8B,Arch _NBMS College of Architecture, Visvesvaraya Technological University (VTU) _aProject report _d2016 |
||
| 650 | _aNA | ||
| 700 |
_aChannabasavaradhya JK B _eGukde |
||
| 700 | _aPrathima | ||
| 942 |
_2ddc _cTHE |
||